000 00553nam a2200193Ia 4500
005 20250326141706.0
008 250326s9999 xx 000 0 und d
020 _a0-256-07515-8
037 _aTextbook
040 _aFMSL
_beng
_cFMSL
041 _aeng
_2eng
084 _aX.1 M8
_qFMSL
100 _aTaneja Santosh
_9744910
245 0 _aIndia and the new international economic order
_cTaneja Santosh
260 _aAmritshar
_bAmritshar, Guru akUniversity
_c1988
300 _a327p
942 _cTB
_hX.1 M8
999 _c1291520
_d1291520